Làm thế nào để đạt hiệu quả trong công việc

Na minha lista:
Detalhes bibliográficos
Autor principal: Mark H. McCormack
Formato: Livro
Idioma:Undetermined
Publicado em: Đồng Nai Tổng hợp đồng nai 2001
Assuntos:
Tags: Adicionar Tag
Sem tags, seja o primeiro a adicionar uma tag!
Thư viện lưu trữ: Trung tâm Học liệu Trường Đại học Cần Thơ
LEADER 00596nam a2200181Ia 4500
001 CTU_56957
008 210402s9999 xx 000 0 und d
020 |b 42000 
082 |a 650.1 
082 |b M131 
100 |a Mark H. McCormack 
245 0 |a Làm thế nào để đạt hiệu quả trong công việc 
245 0 |c Mark H. McCormack; Đỗ Xuân Bình biên dịch 
260 |a Đồng Nai 
260 |b Tổng hợp đồng nai 
260 |c 2001 
650 |a psychology, applied,success in business 
980 |a Trung tâm Học liệu Trường Đại học Cần Thơ